000 00214nam a22000857a 4500
001 1301112
005 20260429100046.0
245 _aALİ ULVİ KURUCU'NUN HATIRALARI 1
_cM.ERTUĞRUL DÜZDAĞ
260 _bKETEBE YAYINLARI
999 _c1301112
_d1301112